000 00780cpcaa2200241 4500
001 mm 79000061
003 DLC
005 20260227111627.0
008 790521|||||||||||| eng
010 _amm 79000061
040 _aDLC
_cDLC
_edacs
_dDLC
072 7 _aL
_2lcmd
100 1 _aFord, Ford Madox,
_d1873-1939.
245 0 0 _aFord Madox Ford poem,
_fundated.
300 _a1
_fitem.
506 0 _aOpen to research.
545 0 _aAuthor.
546 _aCollection material in English.
580 _aForms part of: Miscellaneous Manuscripts collection.
656 7 _aAuthors.
_2itoamc
999 _c40112
_d40112